The 1990s in Latin America : (Record no. 1887)

MARC details
000 -LEADER
campo de control de longitud fija 01232cam a2200241 4500
001 - NÚMERO DE CONTROL
campo de control 10706
005 - FECHA Y HORA DE LA ÚLTIMA TRANSACCIÓN
campo de control 20230404125641.0
008 - DATOS DE LONGITUD FIJA--INFORMACIÓN GENERAL
campo de control de longitud fija 060907n1999 wau eng
035 ## - NÚMERO DE CONTROL DEL SISTEMA
-- funglode10790
041 ## - CÓDIGO DE IDIOMA
Código de lengua del texto/banda sonora o título independiente eng
050 14 - SIGNATURA TOPOGRÁFICA DE LA BIBLIOTECA DEL CONGRESO
Número de clasificación CD F
100 1# - ENTRADA PRINCIPAL--NOMBRE DE PERSONA
Nombre de persona Székely, Miguel
245 14 - MENCIÓN DEL TÍTULO
Título The 1990s in Latin America :
Resto del título another decade of persistent inequality /
Mención de responsabilidad, etc. Miguel Székely, Marianne Hilgert
260 ## - PUBLICACIÓN, DISTRIBUCIÓN, ETC.
Lugar de publicación, distribución, etc. Washington D.C. :
Nombre del editor, distribuidor, etc. Inter-American Development Bank,
Fecha de publicación, distribución, etc. 1999
300 ## - DESCRIPCIÓN FÍSICA
Extensión 42 p.
520 ## - RESUMEN, ETC.
Sumario, etc. This paper argues that there is no country in Latin America where we can confidently say that income inequality improved during the 1990s. This fact is documented for the 15 countries where comparable household surveys are available. The paper seeks to draw conclusions from the statistics and compares Latin America's increase in inequality with that of developed countries and Eastern Europe.
533 ## - NOTA DE REPRODUCCIÓN
Tipo de reproducción Microfiche.
Lugar de la reproducción Washington, D.C. :
Institución responsable de la reproducción CIS, Inc.,
Fecha de la reproducción 2000.
Descripción física de la reproducción 1 microfiche.
Mención de serie de la reproducción (IIS microfiche library ; 2000, 1670-S9.62).
650 #0 - PUNTO DE ACCESO ADICIONAL DE MATERIA--TÉRMINO DE MATERIA
Término de materia o nombre geográfico como elemento de entrada Income distribution
Subdivisión geográfica Latin America.
650 #0 - PUNTO DE ACCESO ADICIONAL DE MATERIA--TÉRMINO DE MATERIA
Término de materia o nombre geográfico como elemento de entrada Equality
Subdivisión geográfica Latin America.
700 1# - ENTRADA AGREGADA--NOMBRE PERSONAL
Nombre de persona Hilgert, Marianne.
710 2# - ENTRADA AGREGADA--NOMBRE DE ENTIDAD CORPORATIVA
Nombre de entidad corporativa o nombre de jurisdicción como elemento de entrada Inter-American Development Bank.
Unidad subordinada Research Dept.
942 ## - ELEMENTOS DE ENTRADA SECUNDARIOS (KOHA)
Fuente del sistema de clasificación o colocación Clasificación de Library of Congress
Tipo de ítem Koha
Holdings
Estatus retirado Estado de pérdida Fuente del sistema de clasificación o colocación Estado de daño No para préstamo Colección Biblioteca de origen Biblioteca actual Ubicación en estantería Fecha de adquisición Serial enumeration / chronology Total checkouts Signatura topográfica completa Código de barras Visto por última vez Copia número Precio de reemplazo Tipo de ítem Koha
    Clasificación de Library of Congress     Referencia Biblioteca Juan Bosch Biblioteca Juan Bosch Colección Documental (Referencia, 1er. Piso) 23/10/2018 1   CD F 00000007744 23/10/2018 1 23/10/2018